| 000 | 00919cam a2200313 i 4500 | ||
|---|---|---|---|
| 001 | 200442641 | ||
| 999 |
_c200442641 _d60853 |
||
| 003 | TR-AnTOB | ||
| 005 | 20240913073755.0 | ||
| 007 | ta | ||
| 008 | 080625s1979 tu 00100 tur d | ||
| 040 |
_aSULEY _beng _erda _cSULEY _dTR-AnTOB |
||
| 041 | 0 | _atur | |
| 050 | 4 |
_aHG4026 _b.G664 1979 |
|
| 090 |
_aHG4026 _b.G664 1979 |
||
| 100 | 1 |
_aGönenli, Atilla _eauthor _9133097 |
|
| 245 | 1 | 0 |
_aİşletmelerde finansal yönetim / _cProf. Dr. Atilla Gönenli. |
| 250 | _a3. bası. | ||
| 264 | 3 |
_aİstanbul : _bFinans Enstitüsü Yayınları, _c1979. |
|
| 300 |
_a738 pages: _c25 cm |
||
| 336 |
_2rdacontent _atext _btxt |
||
| 337 |
_2rdamedia _aunmediated _bn |
||
| 338 |
_2rdacarrier _avolume _bnc |
||
| 490 |
_aFinans Enstitüsü Yayınları ; _v3 |
||
| 504 | _aBIBINDX | ||
| 650 | 7 |
_aŞirketler _xFinans _2 _93697 |
|
| 942 |
_2lcc _cBK |
||